000 00692cam a22002531 4500
999 _c9698
_d9698
001 9698
003 BD-JhCC
005 20180325194946.0
008 180322s1953 fr af b i100 0 eng
035 _a(BD-JhCC)9698
035 _a(OCoLC)509936
040 _aDLC
_cODaWU
_dOCoLC
_dDLC
_dBD-JhCC
041 _aeng
050 0 0 _aN85
_b.Z5
082 _a707
_bZIE 1953
100 1 _aZiegfeld, Edwin,
_d1905-
245 1 0 _aEducation and art :
_ba symposium /
_cEdwin Ziegfeld,
260 _aParis :
_bUnesco,
_c1963.
300 _a129 p.
_billus., plates (part col.)
_c28 cm.
504 _aBibliography: p. 121-123.
650 0 _aArt
_xStudy and teaching.
942 _2ddc
_cBK